MyGZULibrary

The house of hunger : (Record no. 4438)

MARC details
000 -LEADER
fixed length control field 00729cam a2200253 i 4500
001 - CONTROL NUMBER
control field 1335653
003 - CONTROL NUMBER IDENTIFIER
control field GZU
005 - DATE AND TIME OF LATEST TRANSACTION
control field 20210316094338.0
008 - FIXED-LENGTH DATA ELEMENTS--GENERAL INFORMATION
fixed length control field 790430s1978 nyu 000 1 eng
010 ## - LIBRARY OF CONGRESS CONTROL NUMBER
LC control number 79002284
020 ## - INTERNATIONAL STANDARD BOOK NUMBER
International Standard Book Number 0394508327 :
Terms of availability $7.95
040 ## - CATALOGING SOURCE
Original cataloging agency DLC
Transcribing agency DLC
Modifying agency DLC
050 00 - LIBRARY OF CONGRESS CALL NUMBER
Classification number PR9390.9 MAR 1990
Item number H6 1978
082 00 - DEWEY DECIMAL CLASSIFICATION NUMBER
Classification number 823
100 1# - MAIN ENTRY--PERSONAL NAME
Personal name Marechera, Dambudzo.
Relator term author
245 14 - TITLE STATEMENT
Title The house of hunger :
Remainder of title a novella & short stories /
Statement of responsibility, etc. by Dambudzo Marechera.
250 ## - EDITION STATEMENT
Edition statement 1st ed.
260 ## - PUBLICATION, DISTRIBUTION, ETC.
Place of publication, distribution, etc. New York :
Name of publisher, distributor, etc. Pantheon Books,
Date of publication, distribution, etc. c1990.
300 ## - PHYSICAL DESCRIPTION
Extent 167 p. ;
Dimensions 22 cm.
500 ## - GENERAL NOTE
General note Novel
651 #0 - SUBJECT ADDED ENTRY--GEOGRAPHIC NAME
Geographic name Zimbabwe
General subdivision Fiction.
906 ## - LOCAL DATA ELEMENT F, LDF (RLIN)
a 7
b cbc
c orignew
d 1
e ocip
f 19
g y-gencatlg
942 ## - ADDED ENTRY ELEMENTS (KOHA)
Source of classification or shelving scheme Library of Congress Classification
Koha item type Books
Classification part 9390.9
Item part MAR
Call number prefix PR
Holdings
Withdrawn status Lost status Damaged status Not for loan Collection code Home library Current library Shelving location Date acquired Inventory number Total Checkouts Full call number Barcode Date last seen Copy number Price effective from Koha item type
        Fiction City Campus Library City Campus Library General Stacks 05/05/2011 10203   PR9390.9 MAR 1990 G21010 03/16/2021 c.1 03/16/2021 Books